Normal view
MARC view
- BAIRD, RONALD
Entry Personal Name
001 - CONTROL NUMBER
- control field: 74876
003 - CONTROL NUMBER IDENTIFIER
- control field: NUST
005 - DATE AND TIME OF LATEST TRANSACTION
- control field: 20210628205316.0
008 - FIXED-LENGTH DATA ELEMENTS
- fixed length control field: 210628|| aca||aabn | a|a d
040 ## - CATALOGING SOURCE
- Original cataloging agency: NUST
- Transcribing agency: NUST
100 ## - HEADING--PERSONAL NAME
- Personal name: BAIRD, RONALD
670 ## - SOURCE DATA FOUND
- Source citation: Work cat.: (NUST): ROTH, ALFRED C 74874, SMALL GAS ENGINES,FUNDAMENTALS SERVICE TROUBLESHOOTING REPAIRS, 1981
